Hawleys Condensed Chemical Dictionary (Record no. 216)
[ view plain ]
| 000 -LEADER | |
|---|---|
| fixed length control field | 00749nam a22002897a 4500 |
| 008 - FIXED-LENGTH DATA ELEMENTS--GENERAL INFORMATION | |
| fixed length control field | 130424b xxu||||| |||| 00| 0 eng d |
| 020 ## - INTERNATIONAL STANDARD BOOK NUMBER | |
| International Standard Book Number | |
| 024 ## - OTHER STANDARD IDENTIFIER | |
| Terms of availability | available |
| 037 ## - SOURCE OF ACQUISITION | |
| Terms of availability | available |
| 040 ## - CATALOGING SOURCE | |
| Original cataloging agency | Mbstu library |
| Modifying agency | Mbstu library |
| 082 ## - DEWEY DECIMAL CLASSIFICATION NUMBER | |
| Edition number | 22 |
| Classification number | 540.3 HAW |
| 100 ## - MAIN ENTRY--PERSONAL NAME | |
| Personal name | Lewis, Richard J |
| 110 ## - MAIN ENTRY--CORPORATE NAME | |
| Corporate name or jurisdiction name as entry element | |
| 245 ## - TITLE STATEMENT | |
| Title | Hawleys Condensed Chemical Dictionary |
| 250 ## - EDITION STATEMENT | |
| Edition statement | 13th edition |
| 260 ## - PUBLICATION, DISTRIBUTION, ETC. (IMPRINT) | |
| Place of publication, distribution, etc. | New Delhi |
| Name of publisher, distributor, etc. | Galotia Publication |
| Date of publication, distribution, etc. | 2008 |
| 300 ## - PHYSICAL DESCRIPTION | |
| Extent | 25 cm |
| Other physical details | xv,1229 cm |
| Type of unit | 03 |
| Size of unit | 25 cm |
| 600 ## - SUBJECT ADDED ENTRY--PERSONAL NAME | |
| Personal name | Chemical Dictionary |
| 610 ## - SUBJECT ADDED ENTRY--CORPORATE NAME | |
| Corporate name or jurisdiction name as entry element | |
| 651 ## - SUBJECT ADDED ENTRY--GEOGRAPHIC NAME | |
| Geographic name | |
| 700 ## - ADDED ENTRY--PERSONAL NAME | |
| Personal name | Lewis Richard J |
| 710 ## - ADDED ENTRY--CORPORATE NAME | |
| Corporate name or jurisdiction name as entry element | |
| 270 ## - ADDRESS | |
| Address | New Delhi |
| City | New Delhi |
| Country | India |
| 365 ## - TRADE PRICE | |
| Price amount | 1390.00 |
| Currency code | |
| Unit of pricing | 1390.00 |
| 942 ## - ADDED ENTRY ELEMENTS (KOHA) | |
| Source of classification or shelving scheme | |
| Koha item type | Books |
No items available.
